Glosář starší němčiny k českým pramenům
| Titel: | Glosář starší němčiny k českým pramenům = Glossar des älteren Deutsch zu böhmischen Quellen / Libuše Spáčilová - Vladimír Spáčil - Václav Bok ; spolupracovala Jitka Soubustová |
|---|---|
| Verfasser: | ; ; |
| Beteiligt: | |
| Ausgabe: | 1. vydání |
| Veröffentlicht: | Olomouc : Memoria, 2014 |
| Umfang: | XXXVII, 1015 Seiten |
| Format: | Buch |
| Sprache: | Deutsch; Tschechisch |
| RVK-Notation: | |
| ISBN: | 9788085807677 |
alg: 42882073 001A $03025:27-04-18 001B $03025:24-04-23 $t13:00:39.000 001D $03025:27-04-18 001U $0utf8 001X $00 002@ $0Aax 002C $aText $btxt $2rdacontent 002D $aohne Hilfsmittel zu benutzen $bn $2rdamedia 002E $aBand $bnc $2rdacarrier 003@ $0428820735 004A $A978-80-85807-67-7 006C $0964453407 $aOCoLC 007A $0AC12716644 $aOBV 010@ $ager $acze 010E $erda 011@ $a2014 $n2014 013D $RLexikon $#Dictionaries $#Dictionnaires $#Reallexikon Formbegriff $#Sachwörterbuch Formbegrif $#Sprachwörterbuch $#Vokabular Wörterbuch $#Vokabularium $#Wörterbücher $#Dictionary $74066724-8 $8Wörterbuch [Ts1] $9085187623 021A $aGlosář starší němčiny k českým pramenům $fGlossar des älteren Deutsch zu böhmischen Quellen $hLibuše Spáčilová - Vladimír Spáčil - Václav Bok ; spolupracovala Jitka Soubustová 028A $BVerfasser $4aut $7115527818 $8Spáčilová, Libuše$Z1956- [Tp3] $9149717520 028C $BVerfasser $4aut $7127081801 $8Bok, Václav$Z1939- [Tp1] $9123287952 028C $BVerfasser $4aut $7188369899 $8Spáčil, Vladimír$Z1935- [Tp3] $929857084X 028C $BMitwirkender $4ctb $7 $8Soubustová, Jitka [Tnd] $9367766299 032@ $a1. vydání 033A $pOlomouc $nMemoria 034D $aXXXVII, 1015 Seiten 037A $aLiteraturangaben 039U $8--Aou--Bily, Inge$Z1949- [Tp1]. [Libuše Spáčilová (et al.): Glosář starší němčiny k českým pramenům, 2016 $9428820786 039U $aRezensiert in $8--Aou--Vaňková, Lenka$Z1956- [Tp3]. Spáčilová, Libuše: Glosář starší němčiny k českým pramenům, 2015 $9432921222 039U $aRezensiert in $8--Oou--Vaňková, Lenka$Z1956- [Tp3]. [Rezension zu:] Glosář starší němčiny k českým pramenům, 2018. - urn:nbn:de:hebis:30:3-476486 $9439906024 044K $qBVB $RDeutsch $RAltgermanische Sprachen $#German language Old High German, 750-1050 $#Allemand (langue) 750-1050 (vieux haut-allemand) $#Lengua alemana S.VIII-XI $#Althochdeutsche Sprache $74001523-3 $8Althochdeutsch [Ts1] $9084995025 044K $qBVB $RProtektorat Böhmen und Mähren $RBöhmische Länder $#Čech $#Königreich Böhmen $#České Království $#Království České $#Kronland Böhmen $#Čechy $#Ceské Království $#Království Ceské $74007467-5 $8Böhmen [Tgz] $9085012173 044K $qBVB $RWestslawische Sprachen $#Tschechische Sprache $74061084-6 $8Tschechisch [Ts1] $9085169617 044K $qBVB $RQuellenforschung $#History -- Sources $#Histoire -- Sources $#Akten Formschlagwort $#Augenzeugenbericht Formschlagwort $#Texte Formschlagwort $#Historische Quelle $#Geschichtsquelle $#Quellensammlung $#Quellen $74135952-5 $8Quelle [Ts1] $9085503576 044K $qBVB $RWörterbuch $RGlosse $#Glossaries, vocabularies, etc. $#Glossaires et lexiques $#Glossari $74157654-8 $8Glossar [Ts1] $9085678503 045F $a417.7094371 $eDDC23BSB 045F/01 $a417.7 045F/03 $g4371 045F/03 $g43 045V $802.09.04$jAlthochdeutsch [Tkx] $9118844059 045Z $8NC 2800 [Tkv] $9410853119 046L $aVorwort in tschechischer und deutscher Sprache lok: 42882073 62 exp: 42882073 62 1 #EPN 201B/01 $022-06-18 $t22:07:56.000 203@/01 $01023774593 208@/01 $a22-06-18 $be 209A/01 $a/ $f000 $x00 209B/01 $a2018 $x05 247C/01 $8Frankfurt, Bibliographie der Deutschen Sprach- und Literaturwissenschaft $9113214561 201U/01 $0utf8 lok: 42882073 78 exp: 42882073 78 1 #EPN 201B/01 $027-04-18 $t10:05:26.000 201C/01 $027-04-18 201U/01 $0utf8 203@/01 $01021529109 208@/01 $a27-04-18 $be 209A/01 $a/ $f000 $x00 209A/01 $ab*p $x01 220C/01 $apgar 244Z/01 $#Böhmische Kronländer $#Länder der Böhmischen Krone $#Sudetenland $#Böhmen $#Mähren $#Mährisch-Schlesien $#Österreichisch-Schlesien $#Tschechische Sozialistische Republik Böhmische Länder $#Tschechei Böhmische Länder $#Země koruny české $74069573-6 $8--Tg1--Böhmische Länder $x01 $9085195553 247C/01 $82080>Marburg/Lahn, Herder-Institut, Forschungsbibliothek, Bibliographieportal $9336309341
| LEADER | 00000cam a22000002c 4500 | ||
|---|---|---|---|
| 001 | 428820735 | ||
| 003 | DE-603 | ||
| 005 | 20230424130039.0 | ||
| 007 | tu | ||
| 008 | 180427s2014 xx |||| | u00||u|ger c | ||
| 020 | |a 9788085807677 | ||
| 035 | |a (DE-599)OBVAC12716644 | ||
| 040 | |a DE-603 |b ger |c DE-603 |d DE-603 |e rda | ||
| 041 | |a ger |a cze | ||
| 082 | 0 | 4 | |8 1\u |a 417.7094371 |q DE-101 |2 23/BSB |
| 084 | |a NC 2800 |0 (DE-625)124588: |0 (DE-603)410853119 |2 rvk | ||
| 085 | |8 1\u |b 417.7 | ||
| 085 | |8 1\u |z 2 |s 4371 | ||
| 085 | |8 1\u |z 2 |s 43 | ||
| 100 | 1 | |a Spáčilová, Libuše |d 1956- |e Verfasser |4 aut |0 (DE-603)149717520 |0 (DE-588)115527818 |2 gnd | |
| 245 | 0 | 0 | |a Glosář starší němčiny k českým pramenům |b = Glossar des älteren Deutsch zu böhmischen Quellen |c Libuše Spáčilová - Vladimír Spáčil - Václav Bok ; spolupracovala Jitka Soubustová |
| 250 | |a 1. vydání | ||
| 264 | 1 | |a Olomouc |b Memoria |c 2014 | |
| 300 | |a XXXVII, 1015 Seiten | ||
| 336 | |a Text |b txt |2 rdacontent | ||
| 337 | |a ohne Hilfsmittel zu benutzen |b n |2 rdamedia | ||
| 338 | |a Band |b nc |2 rdacarrier | ||
| 500 | |a Literaturangaben | ||
| 546 | |a Vorwort in tschechischer und deutscher Sprache | ||
| 650 | 7 | |a Althochdeutsch |0 (DE-588)4001523-3 |0 (DE-603)084995025 |2 gnd | |
| 650 | 7 | |a Tschechisch |0 (DE-588)4061084-6 |0 (DE-603)085169617 |2 gnd | |
| 650 | 7 | |a Quelle |0 (DE-588)4135952-5 |0 (DE-603)085503576 |2 gnd | |
| 650 | 7 | |a Glossar |0 (DE-588)4157654-8 |0 (DE-603)085678503 |2 gnd | |
| 651 | 7 | |a Böhmen |0 (DE-588)4007467-5 |0 (DE-603)085012173 |2 gnd | |
| 655 | 7 | |a Wörterbuch |2 gnd-content |0 (DE-588)4066724-8 |0 (DE-603)085187623 | |
| 700 | 1 | |a Bok, Václav |d 1939- |e Verfasser |4 aut |0 (DE-603)123287952 |0 (DE-588)127081801 |2 gnd | |
| 700 | 1 | |a Spáčil, Vladimír |d 1935- |e Verfasser |4 aut |0 (DE-603)29857084X |0 (DE-588)188369899 |2 gnd | |
| 700 | 1 | |a Soubustová, Jitka |e Mitwirkender |4 ctb |0 (DE-603)367766299 | |
| 787 | 0 | 8 | |i Rezensiert in |a Bily, Inge, 1949- |t [Libuše Spáčilová (et al.): Glosář starší němčiny k českým pramenům |w (DE-603)428820786 |
| 787 | 0 | 8 | |i Rezensiert in |a Vaňková, Lenka, 1956- |t Spáčilová, Libuše: Glosář starší němčiny k českým pramenům |w (DE-603)432921222 |
| 787 | 0 | 8 | |i Rezensiert in |a Vaňková, Lenka, 1956- |t [Rezension zu:] Glosář starší němčiny k českým pramenům |o urn:nbn:de:hebis:30:3-476486 |w (DE-603)439906024 |
| 924 | 0 | |9 603 |a (DE-603)1023774593 |b DE-603 |c HES |d d | |
| 924 | 0 | |9 2080 |a (DE-603)1021529109 |b DE-2080 |c HES |d d |g / | |


